[Event "LSS SB-2009-0-00001"]
[Site "LSS email"]
[Date "2009.10.23"]
[Round "?"]
[White "Quirck, Michael"]
[Black "Kohler, Dennis R"]
[Result "1-0"]
[WhiteElo "1922"]
[BlackElo "1255"]
[PlyCount "43"]
[EventDate "2009.10.22"]
[EventType "tourn (corr)"]
[EventRounds "12"]
[EventCountry "GER"]
[SourceTitle "Telechess CBM 137"]
[Source "ChessBase"]
[SourceDate "2010.07.15"]
[SourceVersion "1"]
[SourceVersionDate "2010.07.15"]
[SourceQuality "1"]

1. e4 e5 2. Nf3 Nc6 3. Bb5 a6 4. Ba4 Nf6 5. 0-0 Be7 6. Re1 d6 7. Bxc6+ bxc6 8. d4 0-0 9. dxe5 dxe5 10. Qxd8 Rxd8 11. Nxe5 Nxe4 12. Nxc6 Rd7 13. Nxe7+ Kf8 14. Nxc8 Rxc8 15. Be3 c5 16. Na3 Rd6 17. Nc4 Re6 18. Bf4 Rcc6 19. Ne5 Rc8 20. Rxe4 Rc7 21. Ng6+ hxg6 22. Rxe6 1-0

[Event "LSS SB-2009-0-00001"]
[Site "LSS email"]
[Date "2009.10.23"]
[Round "?"]
[White "Thomas, Gerald K"]
[Black "Quirck, Michael"]
[Result "1-0"]
[WhiteElo "1756"]
[BlackElo "1922"]
[PlyCount "83"]
[EventDate "2009.10.22"]
[EventType "tourn (corr)"]
[EventRounds "12"]
[EventCountry "GER"]
[SourceTitle "Telechess CBM 137"]
[Source "ChessBase"]
[SourceDate "2010.07.15"]
[SourceVersion "1"]
[SourceVersionDate "2010.07.15"]
[SourceQuality "1"]

1. e4 c5 2. c3 Nf6 3. e5 Nd5 4. Nf3 e6 5. d4 cxd4 6. cxd4 d6 7. Nc3 Nxc3 8. bxc3 Qc7 9. Bd2 Nd7 10. Bb5 a6 11. exd6 Bxd6 12. Bd3 b6 13. 0-0 Bb7 14. Re1 0-0 15. c4 Rad8 16. Bc3 Bxf3 17. Qxf3 Bxh2+ 18. Kf1 Bd6 19. Re2 Rc8 20. a4 Rfd8 21. Bd2 e5 22. Rae1 exd4 23. Re7 Bxe7 24. Rxe7 Rf8 25. Qf5 Qh2 26. Qxd7 Qh1+ 27. Ke2 Qxg2 28. Rxf7 Rfd8 29. Qe6 Kh8 30. Qf5 Qh1 31. Bf4 Rg8 32. Be5 Rce8 33. Kd2 Qh6+ 34. Kc2 b5 35. axb5 axb5 36. cxb5 Rc8+ 37. Kb3 Rce8 38. Bxd4 Rd8 39. Qg4 Rxd4 40. Qxd4 Qh5 41. Bc4 Qg6 42. b6 1-0